000 00394nam a2200169Ia 4500
001 9718
003 IN-NITTTR
005 20251114233050.0
008 251113s9999||||xx |||||||||||||| ||eng||
040 _beng
040 _cIN-NITTTR
041 _aeng
082 _a621.38153 T24E
100 _aTemes, Lloyd
245 0 _aElectric circuits for technicians. /
_cTemes, Lloyd
942 _2ddc
_cBK
999 _c12355
_d12355